| 000 | 00563nam a2200217Ia 4500 | ||
|---|---|---|---|
| 003 | BUBTL | ||
| 008 | 151213s9999 xx 000 0 und d | ||
| 020 | _a007060486-X | ||
| 082 |
_a512.02 _bAYM |
||
| 100 | _aFrank Ayres | ||
| 245 |
_aModern Abstract Algebra _cFrank Ayres |
||
| 260 |
_aNew York _bTata mc Graw Hill _c1965 |
||
| 300 |
_a243p . : _b28cm . |
||
| 500 | _aIncludes Index . | ||
| 650 | _aMathematics | ||
| 650 | _aMathematics | ||
| 700 | _aFrank Ayres | ||
| 856 |
_k0 _l0 _yDownload |
||
| 942 |
_2ddc _cBK |
||
| 999 |
_c3342 _d3342 |
||